000 00548nam a2200193Ia 4500
008 151121s9999||||xx |||||||||||||| ||und||
082 _a814/करंदी
082 _bHNW-72665
100 _aकरंदीकर सुमा
245 _aरास
260 _b"मौज प्रकाशन ग्रह, मुंबई।"
260 _c--
300 _a110
600 _aकरंदीकर सुमा
630 _aरास
700 _aकरंदीकर सुमा
730 _aरास
942 _cBOOK
999 _c1254123
_d1254120